1787 1133 1595 1559 1764 1907 1864 1693 1656 1999 1730 1588 1820 1527 1330 1898 1105 1661 1797 1088 1908 1885 1833 1097 1109 1192 1050 1744 1011 1839 1763 1459 1767 1568 1339 1122 1651 1018 1586 1973 1212 1533 1945 1131 1547 1299 1707 1177 1878 1036 1401 1463 1166 1535 1598 1446 1672 1071 1256 1573 1173 1113 1630 1354 1035 1724 1549 1488 1669 1467 1531 1076 1893 1819 1351 1953 1262 1405 1356 1399 1149 1828 1310 1414 1339 1246 1795 1072 1470 1837 1281 1345 1855 1436 1510 1602 1959 1358 1747 BCNSPRNW ULIB Ver.6.0+V

เปลี่ยนเป็นภาษาไทย

Change to English
 แสดงรายละเอียดบรรณานุกรม
  กลับหน้าหลัก

Brief Record : Get Marc (ISO 2709) : E-mail record : QR code < ปิดหน้าต่าง
LEADER : 00000nam 2200000uu 4500
001    13399129145
003     ULIB
008    250718s2023||||th 000 0 tha d
020    ^a9781506288291
050 0  ^aPE1128^bL887B
100 1  ^aLougheed, Lin^eAuthor
245 1  ^aBarron s the trusted name in test prep :^bIELTS Premium /^cLin Lougheed
246 3  ^aBarron s IELTS Premium
246 3  ^aIELTS Premium
246 3  ^a6 practice tests + comprehensive review
250    ^a7th ed.
260    ^aEnglish :^bBarron s Educational Services,^c2023
300    ^avi, 490 pages :^btables ;^c28 cm
650  0 ^aEnglish language
650  0 ^aEnglish language^xExaminations
650  0 ^aEnglish language^xExaminations, questions, etc
650  0 ^aInternational English Language Testing System
945    ^p1147^l0^i011900
999    ^aประนอม เกษจรัล
รายการนี้ยังไม่มีแท็ก
คุณยังไม่ได้ล็อกอิน คุณสามารถมีกิจกรรมร่วมกับเว็บไซต์ได้ แต่ต้องล็อกอินก่อน ::
  ล็อกอิน

รายการสื่อสารสนเทศ

ลำดับที่ ประเภท เลขเรียก/บาร์โค้ด สถานที่ สถานะ
1. การศึกษาทั่วไป
หนังสือสำรอง
สถานะ=หนังสือสำรอง
PE1128 L887B ฉ.1 
  Barcode: 011900
ห้องสมุดวิทยาเขตสวรรค์ประชารักษ์
►หนังสือทั่วไป
บนชั้น

รายการใกล้เคียง
    หัวเรื่อง [English language]
    หัวเรื่อง [International English Language Testing System]

BibComment


ยังไม่เคยถูกคอมเมนท์

คอมเมนท์ทรัพยากรรายการนี้
  คอมเมนท์: Barron s the tru..


 Copyright 2026. Bcnsprnw @Library